00442nam a2200145 a 4500003000900000005001700009007000300026008004100029040002500070082000700095100002400102245009900126260005000225300002100275DO-SdBNP20221020103446.0ta120207s1964 xxu 000 ing d aDO-SdBNPcBNPHUbspa 42221 4Blackstock, Paul W.10aThe strategy of subversion :bmanipulating the politics of other nations /hPaul W. Blackstock aChicago, Estados Unidos :bQuadrangle,c1964. a351 p. ;c24 cm.